Complete the TV Show... With a Picture Quiz Stats

Quiz Updated Nov 29, 2017

Score 0/20 Timer 05:00
7 Plays Today
% Correct
ORANGE Is the New Black
97.2%
House of CARDS
96.8%
Grey's ANATOMY
96.8%
The WALKING Dead
96.2%
BREAKING Bad
95.8%
Bob's BURGERS
94.7%
ARRESTED Development
93.8%
The West WING
93.3%
Monty Python's Flying
CIRCUS
90.5%
I Love LUCY
90%
% Correct
The BRADY Bunch
89.8%
Veronica MARS
89.7%
Fawlty TOWERS
86.8%
SOUTH Park
86.5%
Buffy the Vampire SLAYER
86.2%
The WONDER Years
85.6%
The TWILIGHT Zone
84.9%
MAD Men
80.8%
PARKS and Recreation
79.3%
SESAME Street
79%

You're not logged in!

Compare scores with friends on all Sporcle quizzes.
Sign Up with Email
OR
Log In

You Might Also Like...

Show Comments

Extras

Top Quizzes Today


Score Distribution

Your Account Isn't Verified!

In order to create a playlist on Sporcle, you need to verify the email address you used during registration. Go to your Sporcle Settings to finish the process.